Estadísticas para Nombra un país válido #4

Haz click aquí para tomar la prueba!

Estadísticas generales

  • Esta prueba ha sido tomada 8.389 veces
  • La puntuación promedio es 12 de 20

Estadísticas de respuestas

Nombra un país ...Respuesta% Correcto
cuyo nombre termina en GUAYParaguay | Uruguay
100%
donde la temperatura nunca ha excedido los 37 ° CelsiusAntigua y Barbuda | Barbados | Dinamarca | Estonia | Irlanda | Islandia | Islas Salomón | Maldivas | Noruega | Samoa | Singapur
85%
con más asesinatos anuales que los Estados UnidosBrasil | India | México | Sudáfrica | Nigeria | Venezuela
81%
que limitan con KeniaEtiopía | Somalia | Sudán del Sur | Tanzania | Uganda
79%
con tigres salvajesBangladés | Bután | China | Corea del Norte | India | Indonesia | Laos | Malasia | Myanmar | Nepal | Rusia | Tailandia | Vietnam
78%
sin serpientesCabo Verde | Irlanda | Islandia | Islas Marshall | Kiribati | Nauru | Nueva Zelanda | Tuvalu | Ciudad del Vaticano
76%
que es uno de los 10 países menos adivinados en
la prueba de Países del Mundo
Nauru | Santo Tomé y Príncipe | Palaos | Timor Oriental | Comoras | Tuvalu | Kiribati | Yibuti | Vanuatu | San Cristóbal y Nieves
70%
cuyo nombre termina en BIAColombia | Gambia | Libia | Namibia | Serbia | Zambia
69%
con más vacas que personasArgentina | Australia | Brasil | Chad | Irlanda | Mongolia | Namibia | Nueva Zelanda | Paraguay | Sudán del Sur | Uruguay
67%
que es mayoría cristiana y en AsiaArmenia | Chipre | Filipinas | Georgia | Timor Oriental
61%
donde el béisbol es el deporte más popularCuba | Japón | Nicaragua | Panamá | República Dominicana | Taiwán | Venezuela
60%
con 500.000 kilómetros cuadrados de selva tropical (sin incluir Brasil)Indonesia | Colombia | Perú | República Democrática del Congo
57%
que los Estados Unidos tomaron el control después de la
guerra hispanoamericana
Cuba | Filipinas
54%
con más de 100,000 muertes relacionadas con terremotos en el siglo XXIIndonesia | Haití
50%
cuyo gobierno fue derrocado o lanzado a la guerra civil
por la "Primavera Árabe"
Egipto | Libia | Siria | Túnez | Yemen
49%
con al menos 2 millones de personas del grupo étnico bereberArgelia | Francia | Libia | Mauritania | Marruecos
48%
que es miembro de la OPEP y no en Asia o ÁfricaEcuador | Venezuela
42%
con una calificación crediticia AAA de las tres agencias principalesAlemania | Australia | Canadá | Dinamarca | Luxemburgo | Noruega | Países Bajos | Singapur | Suecia | Suiza
41%
donde nació un secretario general de la ONUAustria | Corea del Sur | Egipto | Ghana | Myanmar | Noruega | Perú | Portugal | Suecia
39%
con glaciares y en ÁfricaKenia | Tanzania | Uganda
37%

Distribución de puntuación

Porcentaje por número respondido

Porcentaje de gente con cada puntuación

Historial de tus puntuaciones

No has tomado esta prueba